01529nam a2200277 i 4500001000700000003001000007005001700017007000300034008004100037017004900078020001800127040002300145080002100168100003000189245004100219250002200260260003400282300002900316336002200345337003000367338002300397490002500420520070200445655001201147852009201159197738ES-ScRBPG20250901063143.0ta250425s2025 sp |||er|||| 000 0dspa d aM 3256-2025bOficina Depósito Legal Madrid a9788412841992 bglgaBPOcES-MaACL a821.134.2(899)-41 aVitale, Ida, d1923-eaut13aLa ley de Heisenberg / cIda Vitale. aPrimera edición aMadrid : bAmpersand, c2025. a196 páginas ; c20 cm. atexto2rdacontent asen mediación2rdamedia avolume2rdacarrier1 aColección Lector&s3 aDetrás de todos os libros que leu na súa vida Ida Vitale hai unha nena encandeada pola abundancia de autores que poboaron unha vez a biblioteca familiar. Pero a lectura non está feita tan só de tramas, senón do misterio dun poema repetido sen entender durante anos, que desatou co tempo a paixón da lingua na poesía. Este libro ensina a ler sen prexuízos, a deixarse levar pola imaxinación palpando os libros ata deixalos impresos para sempre na memoria sensorial. Porque La ley de Heisenberg non é só un repaso de lecturas que a autora vén realizando desde hai décadas, senón a revelación dunha poética que liga o principio de incerteza coa literatura e coa vida.  0aEnsayos aES-MaACLcDEPOJjN-10603xEncuadernación rústica con solapashDonación: Editorial